000 00552nam a2200181Ia 4500
003 GCL
008 140319s9999 xx 000 0 ara d
040 _aGCL /
_cGCL
082 0 4 _a913.031
_bم ع
100 1 _aمنى يوسف نخله
245 1 0 _a"علم الاثار فى الوطن العربى ""مدخل""" /
_cمنى يوسف نخله
260 _a[S.N] :
_bمنشورات جروس برس
300 _a304 ص
490 _a
650 0 4 _aالحضارة الفرعونية
650 0 4 _aالاثار الفرعونية
942 _2ddc
_cBK
999 _c54890
_d54890